00730nam a22001815i 4500001000700000003000900007005001700016008004100033040002000074100004200094245008500136260008600221300002700307700003900334852003400373999001900407952012200426165996ES-MaACL20251015063149.0050914s1910 fr | |||||||| ||fre d aCAM bspa cCAM1 aTaine, Hippolyte, d1828-1893910908510aÉtienne Mayran b: fragments / cH. Taine; avec une préface de Paul Bourget. aParis : bLibrairie Hachette et Cie., c1910 (eCoulommiers :fImp. Paul Brodard) a234, [1] p. ; c19 cm.1 aBourget, Paul (d1852-1935)930991 aES-MaACLjD-1992 z-- Rúst. c165996d165996 00104070aATENEOMbATENEOMcSVId2008-01-17eSSCl0oD-1992p901174085r2023-02-23 00:00:00w2023-02-23yMONOGRAFIA